2020 quiz - Statistics

General Stats
  • This quiz has been taken 25 times
  • The average score is 7 of 15
Answer Stats
Hint Answer % Correct
Trial against this president was in 2020 Donald trump
92%
This guy, becomes new president of USA Joe biden
88%
Virus, Which comed from China, and ended upTo the whole world Covid 19
67%
The year starded whit fire on this country Australia
63%
Australia and this country, had trade war China
63%
US made drone strike ar this country Iran
63%
United kingdom left this "union" European Union
54%
Lukashenko claimed that he had won 80%Of president votes. Which countrys president Is he? Belarus
50%
Country, that is said to suffered the mostIn 2020, mostly because of their oil prices Saudi Arabia
50%
Black man killed by police, at 2020 George Floyd
46%
China attacked this country for 32 days India
38%
People though this guy was dead, cause he didintShow up, in the countrys most important celebration Kim jong un
25%
This country recognized Israel, cause, USAOffered some deals for it United arab emirates
17%
New Zealand and this country, had really small covidquantity, compared to their population Vietnam
13%
Country that had the most covid sufferers in the endOf the year 2020 United states think
0%
No matching quizzes found
Score Distribution
Percent of People with Each Score
Percentile by Number Answered
Your Score History
You have not taken this quiz